000 00580cam a22001934a 4500
020 _a007254936X (alk. paper)
040 _cDLC
082 0 0 _a338 HIL 2004 A074 Or.
100 1 _aColander, David C.
245 1 0 _aMicroeconomics /
250 _a5th ed.
260 _aBoston :
_bMcGraw-Hill Irwin,
_cc2004.
300 _axxiv, 467, [61] p. :
_bcol. ill. ;
_ccm.
500 _aIncludes index.
650 0 _aMicroeconomics.
856 4 2 _uhttp://www.loc.gov/catdir/description/mh031/2003043047.html
856 4 1 _uhttp://www.loc.gov/catdir/toc/mh031/2003043047.html
942 _cEK
999 _c15117
_d15117